Histoire des guerres et des négotiations qui précéderent le traité de Westphalie ... (Record no. 152503)
[ view plain ]
| 000 -LEADER | |
|---|---|
| campo de control de longitud fija | 01002nam a2200193 i 4500 |
| 001 - NÚMERO DE CONTROL | |
| campo de control | 152503 |
| 003 - IDENTIFICADOR DE NÚMERO DE CONTROL | |
| campo de control | ES-MaACL |
| 005 - FECHA Y HORA DE LA ÚLTIMA TRANSACCIÓN | |
| campo de control | 20230906204755.0 |
| 008 - DATOS DE LONGITUD FIJA--INFORMACIÓN GENERAL | |
| campo de control de longitud fija | 981127s1767 fr |||| | fre d |
| 040 ## - FUENTE DE CATALOGACIÓN | |
| Centro catalogador/agencia de origen | CCPB | B |
| Lengua de catalogación | spa |
| Centro/agencia transcriptor | CCPB | B |
| 100 1# - ENTRADA PRINCIPAL--NOMBRE DE PERSONA | |
| Nombre de persona | Bougeant, Guillaume Hyacinthe |
| Títulos y otros términos asociados al nombre | (S.I.) |
| 9 (RLIN) | 126106 |
| 245 10 - MENCIÓN DEL TÍTULO | |
| Título | Histoire des guerres et des négotiations qui précéderent le traité de Westphalie ... |
| Resto del título | : composée sur les Mémoires du Comte d´Avaux, Ambassadeur du Roi Trés- Chrétien dans les Cours du Nord, en Allemagne & en hollande, & Plénipotenciaire au Traité de Munster / |
| Mención de responsabilidad, etc. | Par le Pere Bougeant, de la Compagnie de Jesus ; tome I. |
| 260 ## - PUBLICACIÓN, DISTRIBUCIÓN, ETC. | |
| Lugar de publicación, distribución, etc. | A Paris : |
| Nombre del editor, distribuidor, etc. | Chez Musier fils & Durand, |
| Fecha de publicación, distribución, etc. | 1767. |
| 300 ## - DESCRIPCIÓN FÍSICA | |
| Extensión | [14], 599, [17] p. ; |
| Dimensiones | 4º. |
| 597 ## - NOTA DE DESCRIPCIÓN FÍSICA | |
| NOTA DE DESCRIPCIÓN FÍSICA | Sign.: a2, b4, A-Z4, 2A-2Z4, 3A-3Z4, 4A-4I4, 4K2. |
| 597 ## - NOTA DE DESCRIPCIÓN FÍSICA | |
| NOTA DE DESCRIPCIÓN FÍSICA | Antep. |
| 650 #4 - PUNTO DE ACCESO ADICIONAL DE MATERIA--TÉRMINO DE MATERIA | |
| Término de materia o nombre geográfico como elemento de entrada | Guerra de los Treinta Años, 1618-1648. |
| 9 (RLIN) | 136206 |
| 852 ## - LOCALIZACIÓN | |
| Ubicación | ES-MaACL |
| Número de control de estantería | R-174 |
| Nota libre | -- Enc. pasta |
| -- | -- Ex-libris de Mr. Beaupré, Conseiller à la Cour de Nancy |
| Estatus retirado | Estado de pérdida | Estado de daño | No para préstamo | Colección | Biblioteca de origen | Biblioteca actual | Ubicación en estantería | Fecha de adquisición | Fuente de adquisición | Total de préstamos | Signatura topográfica completa | Código de barras | Visto por última vez | Precio de reemplazo | Tipo de ítem Koha |
|---|---|---|---|---|---|---|---|---|---|---|---|---|---|---|---|
| Libros del s. XVIII | Biblioteca del Ateneo de Madrid | Biblioteca del Ateneo de Madrid | Depósito | 17/01/2008 | R-174 | 1159248 | 23/02/2023 | 23/02/2023 | Libro impreso antiguo |
